00660nam a2200169Ia 4500003000200000005001700002008004100019050002400060100002000084245009200104260008600196300002800282521002700310942001200337999001900349952012200368020250217123855.0140724s9999 xx 000 0 und d aTS 155 b.B356 2011 aBay, Abigail P. aAttendance and scheduling monitoring system for Saint Therese School /cAbigail P. Bay. aLas Piñas, Philippines :bSouthville International School and Colleges,cc2011. a38 p. :bill. ;c28 cm. aInformation Technology cTH2lcc c229256d229256 00102lcc40aCLbCLcTHESESd2014-07-24eDONATIONl0oTS 155 .B356 2011 pT0610r2018-05-15 00:00:00w2014-07-24yTH